00582nam a22001812 4500001001100000005001700011008004100028020001700069040001500086100003700101245012700138250001300265260004500278300001200323650002800335700003400363852000300397000002009820151217152207.0110701s xx 000 0 eng d a0534593127 : aKABUcKABU1 aStalling, Richard B.@000018016810aStudy guide for Wayne Weiten's Psychology :bthemes and vaariations. 5th edition /cRichard B. Stalling, Ronald E. Wasden. a1st ed. aBelmont, CA :bWadsworth/Thomson,c2002. a271 p. 0aPsychology.@00000249811 aWasden, Ronald E.@00001435731